000
00247nam a2200097Ia 4500
001
712268
005
20250826162824.0
008
250824s9999 xx 000 0 und d
245
0
_a
YAŞARKEN VE ÖLÜRKEN
_c
SELİM İLERİ
260
_b
EVEREST YAYINLARI
999
_c
712268
_d
712268